000 00471nam a2200169Ia 4500
008 180921t2017 xxu||||| |||| 00| 0 sin d
041 _asin
080 _a902
_bWIJ
100 _aWijetunga,Sirisaman
245 _aසිංහලේ නැගෙනහිර උරුමය
246 _aSinhale Nagenahira Urumaya
260 _bSahitha Poth Piyasa
_aMaharagama
_c2017
300 _b73p, 22cm
942 _cBK
999 _c6376
_d6376
003 LK-CoDNM
040 _aLK-CoDNM
_dLK-CoDNM
_eLK-CoDNM